[Event "Berlin Lichtenrade op 13th"]
[White "Turbin, Yaroslav"]
[Black "Niehaus, Frank"]
[Site "Berlin"]
[Round "9"]
[Result "1-0"]
[Date "2017.11.05"]
[WhiteElo "1986"]
[BlackElo "2183"]
[PlyCount "79"]
[EventDate "2017.10.28"]
[EventType "swiss"]
[EventRounds "9"]
[EventCountry "GER"]
[SourceTitle "CBM 181 Extra"]
[Source "ChessBase"]
[SourceDate "2017.12.12"]
[SourceVersion "1"]
[SourceVersionDate "2017.12.12"]
[SourceQuality "1"]

1. Nf3 Nf6 2. d4 g6 3. g3 Bg7 4. Bg2 0-0 5. 0-0 d6 6. a4 Nbd7 7. a5 a6 8. c4 e5 9. dxe5 dxe5 10. Nc3 Re8 11. e4 h6 12. Qe2 c6 13. h3 Qe7 14. Rd1 Nc5 15. Ra3 Nfd7 16. b4 Ne6 17. c5 Nd4 18. Nxd4 exd4 19. Na4 Ne5 20. Nb2 Be6 21. f4 d3 22. Qf2 Nc4 23. Raxd3 Rad8 24. Nxc4 Bxc4 25. Rd6 Bb3 26. R1d2 Bc3 27. Bb2 Bxb2 28. Rxb2 Rxd6 29. cxd6 Qxd6 30. Qd2 Qxd2 31. Rxd2 Be6 32. g4 Bc8 33. Kf2 Kf8 34. Rd6 Ke7 35. e5 Be6 36. Be4 f5 37. gxf5 gxf5 38. Bc2 Rc8 39. Bd3 Rg8 40. Rxe6+ 1-0

[Event "Berlin Lichtenrade op 13th"]
[White "Farmani Anosheh, Yasha"]
[Black "Turbin, Yaroslav"]
[Site "Berlin"]
[Round "8"]
[Result "0-1"]
[Date "2017.11.04"]
[WhiteElo "2194"]
[BlackElo "1986"]
[PlyCount "56"]
[EventDate "2017.10.28"]
[EventType "swiss"]
[EventRounds "9"]
[EventCountry "GER"]
[SourceTitle "CBM 181 Extra"]
[Source "ChessBase"]
[SourceDate "2017.12.12"]
[SourceVersion "1"]
[SourceVersionDate "2017.12.12"]
[SourceQuality "1"]

1. Nf3 Nf6 2. c4 c5 3. Nc3 Nc6 4. g3 e5 5. Bg2 Be7 6. e3 d6 7. d4 cxd4 8. exd4 Bg4 9. dxe5 Nxe5 10. h3 Bxf3 11. Bxf3 Qc8 12. Bf4 Qxc4 13. Be2 Qe6 14. Nb5 Rc8 15. Nxa7 Rc5 16. Be3 0-0 17. Bxc5 dxc5 18. Kf1 c4 19. Nb5 Qc6 20. Kg1 Qxb5 21. Qc2 Nd3 22. b3 Qf5 23. Rf1 Bc5 24. Qxc4 Nxf2 25. Kg2 N6e4 26. Bd3 Qe5 27. Bxe4 Nxe4 28. Rf4 Qb2+ 0-1

[Event "Hessen-ch op-A"]
[White "Turbin, Yaroslav"]
[Black "Reinecke, Katharina"]
[Site "Floersheim"]
[Round "6"]
[Result "1-0"]
[Date "2016.05.07"]
[WhiteElo "2027"]
[BlackElo "1842"]
[PlyCount "61"]
[EventDate "2016.05.05"]
[EventType "swiss"]
[EventRounds "7"]
[EventCountry "GER"]
[SourceTitle "EXT 2022"]
[Source "ChessBase"]
[SourceDate "2021.10.06"]
[SourceVersion "1"]
[SourceVersionDate "2021.10.06"]
[SourceQuality "1"]

1. Nf3 d5 2. b3 Nf6 3. Bb2 Bg4 4. e3 e6 5. Be2 Be7 6. 0-0 0-0 7. Ne5 Bxe2 8. Qxe2 c6 9. f4 Nbd7 10. d3 Nxe5 11. fxe5 Nd7 12. Nd2 f6 13. Qg4 f5 14. Qg3 Qe8 15. Nf3 c5 16. Rae1 Qg6 17. Qh3 Bd8 18. Kh1 Bc7 19. d4 Rfc8 20. Ng1 Bd8 21. c3 a5 22. Ne2 b5 23. Nf4 Qf7 24. g4 fxg4 25. Qxg4 Qe7 26. Nxe6 cxd4 27. exd4 b4 28. Nxg7 Qxg7 29. Qe6+ Kh8 30. Rf7 Nf8 31. Qf5 1-0

[Event "Hessen-ch op-A"]
[White "Turbin, Yaroslav"]
[Black "Sessler, Joachim"]
[Site "Floersheim"]
[Round "2"]
[Result "1/2-1/2"]
[Date "2016.05.05"]
[WhiteElo "2027"]
[BlackElo "2138"]
[PlyCount "40"]
[EventDate "2016.05.05"]
[EventType "swiss"]
[EventRounds "7"]
[EventCountry "GER"]
[SourceTitle "EXT 2022"]
[Source "ChessBase"]
[SourceDate "2021.10.06"]
[SourceVersion "1"]
[SourceVersionDate "2021.10.06"]
[SourceQuality "1"]

1. Nf3 Nf6 2. d4 g6 3. c4 Bg7 4. Nc3 d5 5. Qb3 dxc4 6. Qxc4 a6 7. e4 b5 8. Qb3 Bb7 9. a4 Nxe4 10. axb5 Nxc3 11. bxc3 0-0 12. Be2 Bd5 13. Qb1 axb5 14. Rxa8 Bxa8 15. Qxb5 Nd7 16. 0-0 Nf6 17. Ba3 Nd5 18. Qd3 Nf4 19. Qe3 Nxe2+ 20. Qxe2 Bxf3 1/2-1/2

[Event "IECG CB.2005.0.00148 email"]
[White "Ariston, Irwan"]
[Black "Turbin, Yaroslav"]
[Site "IECG email"]
[Round "?"]
[Result "0-1"]
[Date "2005.12.18"]
[WhiteElo "1852"]
[BlackElo "1900"]
[PlyCount "50"]
[EventDate "2005.12.18"]
[EventType "tourn (corr)"]
[EventRounds "6"]
[SourceTitle "Corr 2008"]
[Source "ChessBase"]
[SourceDate "2008.06.24"]
[SourceVersion "1"]
[SourceVersionDate "2008.06.24"]
[SourceQuality "1"]

1. g4 d5 2. Bg2 c6 3. h3 e5 4. e4 d4 5. d3 h5 6. g5 Ne7 7. h4 Bg4 8. Bf3 Qd7 9. Nd2 Na6 10. Nf1 0-0-0 11. a3 Ng6 12. Ng3 f5 13. Nxf5 Bxf5 14. exf5 Qxf5 15. Bxh5 Rxh5 16. Qxh5 e4 17. Ne2 exd3 18. cxd3 Ne5 19. Nf4 Nc5 20. Kf1 Nb3 21. Rb1 Nxc1 22. Rxc1 Qxf4 23. Rd1 Ng4 24. Rd2 Qf3 25. Kg1 Kd7 0-1

[Event "IECG CB.2005.0.00148 email"]
[White "Jensen, Soeren"]
[Black "Turbin, Yaroslav"]
[Site "IECG email"]
[Round "?"]
[Result "1/2-1/2"]
[Date "2005.12.18"]
[WhiteElo "1895"]
[BlackElo "1900"]
[PlyCount "56"]
[EventDate "2005.12.18"]
[EventType "tourn (corr)"]
[EventRounds "6"]
[SourceTitle "Corr 2008"]
[Source "ChessBase"]
[SourceDate "2008.06.24"]
[SourceVersion "1"]
[SourceVersionDate "2008.06.24"]
[SourceQuality "1"]

1. Nc3 c5 2. Nf3 Nf6 3. d4 cxd4 4. Nxd4 e6 5. Ndb5 d6 6. Bf4 e5 7. Bg5 a6 8. Bxf6 gxf6 9. Na3 f5 10. g3 Be6 11. Bg2 e4 12. Nc4 d5 13. Qd4 f6 14. Qb6 Qd7 15. Na5 Nc6 16. 0-0-0 Qd8 17. Qxd8+ Rxd8 18. Nxc6 bxc6 19. e3 h5 20. h4 Bh6 21. Kb1 Kf7 22. Bf1 a5 23. Be2 Bf8 24. Na4 Bd6 25. Rd2 Ke7 26. Rhd1 Bf7 27. c3 Rhg8 28. Ba6 Rb8 1/2-1/2

[Event "IECG QB.2004.0.00053"]
[White "Turbin, Yaroslav"]
[Black "Marshall, Daniel E"]
[Site "IECG email"]
[Round "?"]
[Result "0-1"]
[Date "2004.05.31"]
[WhiteElo "1900"]
[BlackElo "1923"]
[PlyCount "36"]
[EventDate "2004.05.31"]
[EventType "tourn (corr)"]
[EventRounds "6"]
[SourceTitle "Corr 2008"]
[Source "ChessBase"]
[SourceDate "2008.06.24"]
[SourceVersion "1"]
[SourceVersionDate "2008.06.24"]
[SourceQuality "1"]

1. d4 f5 2. e4 fxe4 3. Nc3 Nf6 4. Bg5 Nc6 5. d5 Ne5 6. Qd4 Nf7 7. Nh3 c6 8. Bxf6 exf6 9. Qxe4+ Qe7 10. 0-0-0 Qxe4 11. Nxe4 f5 12. Ng3 g6 13. Bc4 Nd6 14. Rhe1+ Kd8 15. Be2 c5 16. c3 Bh6+ 17. f4 b5 18. Bf3 Bb7 0-1

[Event "IECG CB.2004.0.00110 email"]
[White "Woelfelschneider, Peter"]
[Black "Turbin, Yaroslav"]
[Site "IECG email"]
[Round "?"]
[Result "1/2-1/2"]
[Date "2004.03.24"]
[WhiteElo "1971"]
[BlackElo "1900"]
[PlyCount "53"]
[EventDate "2004.03.24"]
[EventType "tourn (corr)"]
[EventRounds "6"]
[SourceTitle "Corr 2008"]
[Source "ChessBase"]
[SourceDate "2008.06.24"]
[SourceVersion "1"]
[SourceVersionDate "2008.06.24"]
[SourceQuality "1"]

1. c4 Nf6 2. d4 g6 3. Nc3 Bg7 4. e4 d6 5. Nf3 0-0 6. Be2 e5 7. dxe5 dxe5 8. Qxd8 Rxd8 9. Bg5 Re8 10. Nd5 Nxd5 11. cxd5 c6 12. Bc4 cxd5 13. Bxd5 Nd7 14. Nd2 Nc5 15. Nc4 Bf8 16. Rd1 Be6 17. f3 Rac8 18. Ne3 Kg7 19. b3 Be7 20. Bxe7 Rxe7 21. 0-0 b5 22. b4 Na6 23. Bxe6 Rxe6 24. Nd5 Rc4 25. a3 Nc7 26. Rfe1 Ra6 27. Ne3 1/2-1/2

[Event "IECG QB.2004.0.00050"]
[White "Turbin, Yaroslav"]
[Black "Hebrard, Jean Marc"]
[Site "IECG email"]
[Round "1"]
[Result "1-0"]
[Date "2004.03.21"]
[WhiteElo "1900"]
[BlackElo "1815"]
[PlyCount "26"]
[EventDate "2004.03.21"]
[EventType "tourn (corr)"]
[EventRounds "6"]
[SourceTitle "Corr 2024"]
[Source "ChessBase"]
[SourceDate "2023.10.19"]
[SourceVersion "1"]
[SourceVersionDate "2023.10.19"]
[SourceQuality "1"]

1. e4 c5 2. Nf3 d6 3. d4 cxd4 4. Nxd4 Nc6 5. Nc3 Nf6 6. Bc4 e6 7. Be3 Bd7 8. Qe2 Na5 9. Bd3 a6 10. a4 Be7 11. f4 Qc7 12. Nb3 Nxb3 13. cxb3 0-0 1-0

[Event "IECG QB.2004.0.00050"]
[White "Wall, William Dale"]
[Black "Turbin, Yaroslav"]
[Site "IECG email"]
[Round "2"]
[Result "1/2-1/2"]
[Date "2004.03.21"]
[WhiteElo "1940"]
[BlackElo "1900"]
[PlyCount "70"]
[EventDate "2004.03.21"]
[EventType "tourn (corr)"]
[EventRounds "6"]
[SourceTitle "Corr 2008"]
[Source "ChessBase"]
[SourceDate "2008.06.24"]
[SourceVersion "1"]
[SourceVersionDate "2008.06.24"]
[SourceQuality "1"]

1. Nc3 c5 2. e4 e6 3. Nge2 d6 4. g3 Nf6 5. Bg2 Nc6 6. 0-0 Be7 7. d4 cxd4 8. Nxd4 Bd7 9. Ndb5 Qb8 10. Bg5 0-0 11. Bxf6 gxf6 12. Qg4+ Kh8 13. Rad1 a6 14. Nd4 Qc7 15. Qh5 Qb6 16. Nb3 Ne5 17. Rd4 Nc6 18. Rd2 Ne5 19. Rfd1 Nc4 20. Rd4 Rac8 21. Rb1 Nxb2 22. Nd5 exd5 23. Rxb2 f5 24. Rxd5 fxe4 25. Bxe4 f5 26. Bg2 Bf6 27. Rb1 Rxc2 28. Rd2 Rc7 29. Qh6 Rcc8 30. Re1 Qb4 31. Nc1 Bc6 32. Nd3 Qg4 33. Nf4 Qg5 34. Qxg5 Bxg5 35. Rd4 Bxf4 1/2-1/2